000 00500nam a2200181Ia 4500
005 20250508154708.0
008 008 250505s9999 xx 000 0 eng d
037 _aTextual
040 _aFEDL
_beng
_cFEDL
041 _aeng
_2eng
084 _a372.4, SPA
_qFEDL
100 _aSpache George D
_9760577
245 0 _aToward better reading
260 _aChampaign
_bGarrard Publishing Company
_c1963
300 _aviii,470p.
942 _cTEXL
_h372.4, SPA
999 _c1351640
_d1351640